00474nam a2200121Ia 4500082001200000100003500012245016000047260004900207300002100256650002600277650003300303710001600336 aTR.0128 aReddy, Hosahudya Nanjappa Byra 0aAnalysis of patterns and procedures in communication of farm information by village level workers and factors associated with their communication behaviour c1976bIndian Agricultural Research Institute a233p. + C D - 51 aVILLAGE LEVEL WORKERS aCOMMUNICATION IN AGRICULTURE aSingh, K.N.